00660nam a22001697a 450000500170000001000130001702000260003003500110005603700130006708200110008010000380009124501120012924600820024126000520032327000920037530000230046720200915130325.0 aUR-10857 c300.00a9789386285959 aU-9412 bDBAD/PUB a954.11 aمحمد ا ليا س کر گلی aلد ا خ ميں ا ر د و شا عر ی کی مختصر تا ر يخ cمحمد ا ليا س کر گلی bLadakh Mein Urdu Shaeri Ki Mukhtasar Tareekh (Urdu)aby Mohd. Ilyass Kargili aN.Delhi bEducational Publishing Housec2020 ء aH.O.D1/16,Ansari Road,Darya ganj,bN.Delhie110002k45678285,23216162l0091-11-23211540 a224 ص c22 Cm(Hb)